Länder nach Grenzen #1 - Statistiken

Allgemein
  • Dieses Quiz wurde 13.468 mal gespielt
  • Das Durchschnittsergebnis liegt bei 16 aus 20
Antwortstatistiken
Nachbarländer Land % Korrekt
Kanada, Mexiko Vereinigte Staaten
100%
Belgien, Deutschland Niederlande
98%
Spanien Portugal
98%
Vereinigtes Königreich Irland
96%
Deutschland Dänemark
95%
Lettland, Russland Estland
95%
Frankreich, Spanien Andorra
92%
Österreich, Deutschland, Polen, Slowakei Tschechien
91%
Argentinien, Brasilien Uruguay
82%
Albanien, Bulgarien, Nordmazedonien, Türkei Griechenland
78%
Dominikanische Republik Haiti
78%
Israel, Libyen, Sudan Ägypten
77%
Algerien, Libyen Tunesien
76%
Nicaragua, Panama Costa Rica
75%
Kolumbien, Costa Rica Panama
75%
Myanmar, Indien Bangladesch
73%
Laos, China, Kambodscha Vietnam
73%
Irak, Saudi-Arabien Kuwait
63%
Dschibuti, Äthiopien, Kenia Somalia
63%
Senegal Gambia
61%
Keine übereinstimmenden Quizze gefunden
Verteilung der Resultate
Anzahl Personen mit jedem Resultat
Perzentil nach korrekt beantworteten Fragen
Ihre Resultats-Entwicklung
Sie haben dieses Quiz noch nicht gespielt